MARC details
| 000 -LEADER |
| fixed length control field |
01899cam a2200505 a 4500 |
| 001 - CONTROL NUMBER |
| control field |
20466 |
| 003 - CONTROL NUMBER IDENTIFIER |
| control field |
VRT |
| 005 - DATE AND TIME OF LATEST TRANSACTION |
| control field |
20260122143833.0 |
| 008 - FIXED-LENGTH DATA ELEMENTS--GENERAL INFORMATION |
| fixed length control field |
240226s1999 xo gr 000 p slo |
| 015 ## - NATIONAL BIBLIOGRAPHY NUMBER |
| National bibliography number |
SNBA2004/03-02112 |
| 020 ## - INTERNATIONAL STANDARD BOOK NUMBER |
| International Standard Book Number |
8088834473 |
| 035 ## - SYSTEM CONTROL NUMBER |
| System control number |
SNK000406354 |
| 035 ## - SYSTEM CONTROL NUMBER |
| System control number |
urn:nbn:sk:snk-am3iwjj |
| 035 ## - SYSTEM CONTROL NUMBER |
| System control number |
EE125CC4-82B5-45D1-9242-F1C82710844B |
| 035 ## - SYSTEM CONTROL NUMBER |
| System control number |
urn:nbn:sk:snk-am00g566 |
| 039 #9 - LEVEL OF BIBLIOGRAPHIC CONTROL AND CODING DETAIL [OBSOLETE] |
| Level of rules in bibliographic description |
202402261925 |
| Level of effort used to assign nonsubject heading access points |
VLOAD |
| Level of effort used to assign subject headings |
202205120806 |
| Level of effort used to assign classification |
VLOAD |
| Level of effort used to assign subject headings |
202201070905 |
| Level of effort used to assign classification |
VLOAD |
| Level of effort used to assign subject headings |
202201051645 |
| Level of effort used to assign classification |
VLOAD |
| 040 ## - CATALOGING SOURCE |
| Original cataloging agency |
SNK |
| Language of cataloging |
slo |
| Original cataloging agency |
SNK |
| Description conventions |
AACR2 |
| 041 1# - LANGUAGE CODE |
| Language code of text/sound track or separate title |
slo |
| Language code of original |
ger |
| 044 ## - COUNTRY OF PUBLISHING/PRODUCING ENTITY CODE |
| MARC country code |
xo |
| ISO country code |
SK |
| 072 #7 - SUBJECT CATEGORY CODE |
| Subject category code |
821.112.2-1 |
| Subject category code subdivision |
Nemecká poézia, nemecky písaná |
| Source |
konspekt |
| 080 ## - UNIVERSAL DECIMAL CLASSIFICATION NUMBER |
| Universal Decimal Classification number |
821.112.2-1 |
| Edition identifier |
2011 |
| 080 ## - UNIVERSAL DECIMAL CLASSIFICATION NUMBER |
| Universal Decimal Classification number |
(082.21) |
| Edition identifier |
2011 |
| 100 1# - MAIN ENTRY--PERSONAL NAME |
| Personal name |
Hölderlin, Friedrich, |
| Dates associated with a name |
1770-1843 |
| Relationship |
aut |
| 245 10 - TITLE STATEMENT |
| Title |
Nemecko |
| Remainder of title |
výber |
| Statement of responsibility, etc. |
Johann Christian Friedrich Hölderlin, Heinrich Heine ; preložili: M. M. Dedinský, Július Lenko |
| 250 ## - EDITION STATEMENT |
| Edition statement |
[1. vydanie] |
| 260 ## - PUBLICATION, DISTRIBUTION, ETC. |
| Place of publication, distribution, etc. |
Rohovce |
| Name of publisher, distributor, etc. |
Interpopulart Slovakia |
| Date of publication, distribution, etc. |
[1999] |
| 300 ## - PHYSICAL DESCRIPTION |
| Extent |
114 strán |
| Dimensions |
22 cm |
| 490 1# - SERIES STATEMENT |
| Series statement |
Populart. Nemecká romantická poézia |
| 490 1# - SERIES STATEMENT |
| Series statement |
Študentská knižnica |
| Volume/sequential designation |
48. |
| 500 ## - GENERAL NOTE |
| General note |
Pravdepodobne preložené z nemčiny |
| 655 #7 - INDEX TERM--GENRE/FORM |
| Genre/form data or focus term |
nemecká poézia |
| Source of term |
SNKPH |
| 655 #7 - INDEX TERM--GENRE/FORM |
| Genre/form data or focus term |
výbery |
| Source of term |
SNKPH |
| 700 1# - ADDED ENTRY--PERSONAL NAME |
| Personal name |
Heine, Heinrich, |
| Dates associated with a name |
1797-1856 |
| Relationship |
aut |
| 700 1# - ADDED ENTRY--PERSONAL NAME |
| Personal name |
Mittelmann-Dedinský, Móric, |
| Dates associated with a name |
1914-1989 |
| Relationship |
trl |
| 700 1# - ADDED ENTRY--PERSONAL NAME |
| Personal name |
Lenko, Július, |
| Dates associated with a name |
1914-2000 |
| Relationship |
trl |
| 830 #0 - SERIES ADDED ENTRY--UNIFORM TITLE |
| Uniform title |
Populart |
| Name of part/section of a work |
Nemecká romantická poézia |
| 830 #0 - SERIES ADDED ENTRY--UNIFORM TITLE |
| Uniform title |
Študentská knižnica |
| 910 ## - USER-OPTION DATA (OCLC) |
| User-option data |
snk |
| 942 ## - ADDED ENTRY ELEMENTS (KOHA) |
| Source of classification or shelving scheme |
Dewey Decimal Classification |
| Koha item type |
Krásna literatúra pre dospelých |
| Suppress in OPAC |
No |
| 949 ## - LOCAL PROCESSING INFORMATION (OCLC) |
| 6 |
3912001873 |
| a |
knkjsdo/B |
| b |
knkjs2008/260604 |
| 949 ## - LOCAL PROCESSING INFORMATION (OCLC) |
| 6 |
3912001874 |
| a |
knkjsdo/B |
| b |
knkjs2008/245643 |
| 949 ## - LOCAL PROCESSING INFORMATION (OCLC) |
| 6 |
270001000003169 |
| a |
svkbbA 94668 |
| b |
svkbbm 613244 |
| p |
613.244 |
| 949 ## - LOCAL PROCESSING INFORMATION (OCLC) |
| 6 |
270001000003171 |
| a |
svkbbA 94668 |
| b |
svkbbm 612567 |
| p |
612.567 |
| 949 ## - LOCAL PROCESSING INFORMATION (OCLC) |
| 6 |
17A0378277 |
| 9 |
P60, <03>, [BOOK], {603} |
| a |
snkSC 111085 |
| b |
snkKSP 3898/2003 |
| s |
6100:20210419 |